<?xml version="1.0" encoding="UTF-8"?>
<marc:record xmlns:marc="http://www.loc.gov/MARC21/slim" type="Bibliographic">
   <marc:leader>00000pam a2200000 c 4500</marc:leader>
   <marc:controlfield tag="001">1063372453</marc:controlfield>
   <marc:controlfield tag="003">DE-101</marc:controlfield>
   <marc:controlfield tag="005">20171202043903.0</marc:controlfield>
   <marc:controlfield tag="007">tu</marc:controlfield>
   <marc:controlfield tag="008">141209s2015    gw ||||| |||| 00||||ger  </marc:controlfield>
   <marc:datafield ind1=" " ind2=" " tag="015">
      <marc:subfield code="a">15,A13</marc:subfield>
      <marc:subfield code="z">15,N01</marc:subfield>
      <marc:subfield code="2">dnb</marc:subfield>
   </marc:datafield>
   <marc:datafield ind1="7" ind2=" " tag="016">
      <marc:subfield code="2">DE-101</marc:subfield>
      <marc:subfield code="a">1063372453</marc:subfield>
   </marc:datafield>
   <marc:datafield ind1=" " ind2=" " tag="020">
      <marc:subfield code="a">9783830312246</marc:subfield>
      <marc:subfield code="c">Pp. : EUR 12.95 (DE), EUR 13.40 (AT), sfr 18.90 (freier Pr.)</marc:subfield>
      <marc:subfield code="9">978-3-8303-1224-6</marc:subfield>
   </marc:datafield>
   <marc:datafield ind1=" " ind2=" " tag="020">
      <marc:subfield code="a">3830312245</marc:subfield>
      <marc:subfield code="9">3-8303-1224-5</marc:subfield>
   </marc:datafield>
   <marc:datafield ind1="3" ind2=" " tag="024">
      <marc:subfield code="a">9783830312246</marc:subfield>
   </marc:datafield>
   <marc:datafield ind1=" " ind2=" " tag="035">
      <marc:subfield code="a">(DE-599)DNB1063372453</marc:subfield>
   </marc:datafield>
   <marc:datafield ind1=" " ind2=" " tag="035">
      <marc:subfield code="a">(OCoLC)899146171</marc:subfield>
   </marc:datafield>
   <marc:datafield ind1=" " ind2=" " tag="040">
      <marc:subfield code="a">1245</marc:subfield>
      <marc:subfield code="b">ger</marc:subfield>
      <marc:subfield code="c">DE-101</marc:subfield>
      <marc:subfield code="d">9999</marc:subfield>
   </marc:datafield>
   <marc:datafield ind1=" " ind2=" " tag="041">
      <marc:subfield code="a">ger</marc:subfield>
   </marc:datafield>
   <marc:datafield ind1=" " ind2=" " tag="044">
      <marc:subfield code="c">XA-DE-NI</marc:subfield>
   </marc:datafield>
   <marc:datafield ind1="7" ind2="4" tag="082">
      <marc:subfield code="a">K</marc:subfield>
      <marc:subfield code="q">DE-101</marc:subfield>
      <marc:subfield code="2">23sdnb</marc:subfield>
   </marc:datafield>
   <marc:datafield ind1=" " ind2=" " tag="090">
      <marc:subfield code="a">b</marc:subfield>
   </marc:datafield>
   <marc:datafield ind1="0" ind2="0" tag="245">
      <marc:subfield code="a">&#x98;Der&#x9c; Nächste, bitte!</marc:subfield>
      <marc:subfield code="c">Ulla Behrendt-Roden ; Dominik Rupp</marc:subfield>
   </marc:datafield>
   <marc:datafield ind1=" " ind2="1" tag="264">
      <marc:subfield code="a">Oldenburg</marc:subfield>
      <marc:subfield code="b">Lappan</marc:subfield>
      <marc:subfield code="c">2015</marc:subfield>
   </marc:datafield>
   <marc:datafield ind1=" " ind2=" " tag="300">
      <marc:subfield code="a">[25] S.</marc:subfield>
      <marc:subfield code="b">überw. Ill.</marc:subfield>
      <marc:subfield code="c">28 cm</marc:subfield>
   </marc:datafield>
   <marc:datafield ind1=" " ind2=" " tag="336">
      <marc:subfield code="a">unbewegtes Bild</marc:subfield>
      <marc:subfield code="b">sti</marc:subfield>
      <marc:subfield code="2">rdacontent</marc:subfield>
   </marc:datafield>
   <marc:datafield ind1=" " ind2=" " tag="337">
      <marc:subfield code="a">ohne Hilfsmittel zu benutzen</marc:subfield>
      <marc:subfield code="b">n</marc:subfield>
      <marc:subfield code="2">rdamedia</marc:subfield>
   </marc:datafield>
   <marc:datafield ind1=" " ind2=" " tag="338">
      <marc:subfield code="a">Band</marc:subfield>
      <marc:subfield code="b">nc</marc:subfield>
      <marc:subfield code="2">rdacarrier</marc:subfield>
   </marc:datafield>
   <marc:datafield ind1=" " ind2=" " tag="385">
      <marc:subfield code="0">(DE-588)4064017-6</marc:subfield>
      <marc:subfield code="0">http://d-nb.info/gnd/4064017-6</marc:subfield>
      <marc:subfield code="0">(DE-101)040640175</marc:subfield>
      <marc:subfield code="a">Vorschulkind</marc:subfield>
      <marc:subfield code="2">gnd</marc:subfield>
   </marc:datafield>
   <marc:datafield ind1=" " ind2="7" tag="650">
      <marc:subfield code="0">(DE-588)4128774-5</marc:subfield>
      <marc:subfield code="0">http://d-nb.info/gnd/4128774-5</marc:subfield>
      <marc:subfield code="0">(DE-101)041287746</marc:subfield>
      <marc:subfield code="a">Tierarzt</marc:subfield>
      <marc:subfield code="2">gnd</marc:subfield>
   </marc:datafield>
   <marc:datafield ind1=" " ind2="7" tag="650">
      <marc:subfield code="0">(DE-588)4003167-6</marc:subfield>
      <marc:subfield code="0">http://d-nb.info/gnd/4003167-6</marc:subfield>
      <marc:subfield code="0">(DE-101)040031675</marc:subfield>
      <marc:subfield code="a">Arztpraxis</marc:subfield>
      <marc:subfield code="2">gnd</marc:subfield>
   </marc:datafield>
   <marc:datafield ind1=" " ind2=" " tag="653">
      <marc:subfield code="a">(Produktform)Hardback</marc:subfield>
   </marc:datafield>
   <marc:datafield ind1=" " ind2=" " tag="653">
      <marc:subfield code="a">(Zielgruppe)ab 4 Jahre</marc:subfield>
   </marc:datafield>
   <marc:datafield ind1=" " ind2=" " tag="653">
      <marc:subfield code="a">Tierarzt, Praxis, Tiere, Wartezimmer, krank, lustiges Bilderbuch, Ursula Behrendt-Roden, Dominik Rupp</marc:subfield>
   </marc:datafield>
   <marc:datafield ind1=" " ind2=" " tag="653">
      <marc:subfield code="a">(VLB-WN)1211: Hardcover, Softcover / Kinder- und Jugendbücher/Erzählerische Bilderbücher</marc:subfield>
   </marc:datafield>
   <marc:datafield ind1=" " ind2="7" tag="655">
      <marc:subfield code="0">(DE-588)4006604-6</marc:subfield>
      <marc:subfield code="0">http://d-nb.info/gnd/4006604-6</marc:subfield>
      <marc:subfield code="0">(DE-101)040066045</marc:subfield>
      <marc:subfield code="a">Bilderbuch</marc:subfield>
      <marc:subfield code="2">gnd-content</marc:subfield>
   </marc:datafield>
   <marc:datafield ind1=" " ind2="7" tag="655">
      <marc:subfield code="a">Bilderbuch</marc:subfield>
      <marc:subfield code="2">gnd</marc:subfield>
   </marc:datafield>
   <marc:datafield ind1=" " ind2="7" tag="655">
      <marc:subfield code="0">(DE-101)1010673823</marc:subfield>
      <marc:subfield code="a">Erzählerische Bilderbücher</marc:subfield>
      <marc:subfield code="2">gatbeg</marc:subfield>
   </marc:datafield>
   <marc:datafield ind1="0" ind2="0" tag="689">
      <marc:subfield code="0">(DE-588)4128774-5</marc:subfield>
      <marc:subfield code="0">http://d-nb.info/gnd/4128774-5</marc:subfield>
      <marc:subfield code="0">(DE-101)041287746</marc:subfield>
      <marc:subfield code="D">s</marc:subfield>
      <marc:subfield code="a">Tierarzt</marc:subfield>
   </marc:datafield>
   <marc:datafield ind1="0" ind2="1" tag="689">
      <marc:subfield code="0">(DE-588)4003167-6</marc:subfield>
      <marc:subfield code="0">http://d-nb.info/gnd/4003167-6</marc:subfield>
      <marc:subfield code="0">(DE-101)040031675</marc:subfield>
      <marc:subfield code="D">s</marc:subfield>
      <marc:subfield code="a">Arztpraxis</marc:subfield>
   </marc:datafield>
   <marc:datafield ind1="0" ind2="2" tag="689">
      <marc:subfield code="A">f</marc:subfield>
      <marc:subfield code="a">Bilderbuch</marc:subfield>
   </marc:datafield>
   <marc:datafield ind1="0" ind2=" " tag="689">
      <marc:subfield code="5">DE-101</marc:subfield>
      <marc:subfield code="5">DE-101</marc:subfield>
   </marc:datafield>
   <marc:datafield ind1="1" ind2=" " tag="700">
      <marc:subfield code="0">(DE-588)113111967</marc:subfield>
      <marc:subfield code="0">http://d-nb.info/gnd/113111967</marc:subfield>
      <marc:subfield code="0">(DE-101)113111967</marc:subfield>
      <marc:subfield code="a">Behrendt-Roden, Ursula</marc:subfield>
      <marc:subfield code="e">Mitwirkender</marc:subfield>
      <marc:subfield code="4">ctb</marc:subfield>
   </marc:datafield>
   <marc:datafield ind1="1" ind2=" " tag="700">
      <marc:subfield code="0">(DE-588)1074476719</marc:subfield>
      <marc:subfield code="0">http://d-nb.info/gnd/1074476719</marc:subfield>
      <marc:subfield code="0">(DE-101)1074476719</marc:subfield>
      <marc:subfield code="a">Rupp, Dominik</marc:subfield>
      <marc:subfield code="d">1989-</marc:subfield>
      <marc:subfield code="e">Mitwirkender</marc:subfield>
      <marc:subfield code="4">ctb</marc:subfield>
   </marc:datafield>
   <marc:datafield ind1=" " ind2=" " tag="850">
      <marc:subfield code="a">DE-101a</marc:subfield>
      <marc:subfield code="a">DE-101b</marc:subfield>
   </marc:datafield>
   <marc:datafield ind1="4" ind2="2" tag="856">
      <marc:subfield code="m">X:MVB</marc:subfield>
      <marc:subfield code="q">text/html</marc:subfield>
      <marc:subfield code="u">http://deposit.dnb.de/cgi-bin/dokserv?id=5100731&amp;prov=M&amp;dok_var=1&amp;dok_ext=htm</marc:subfield>
      <marc:subfield code="3">Inhaltstext</marc:subfield>
   </marc:datafield>
   <marc:datafield ind1="r" ind2=" " tag="925">
      <marc:subfield code="a">ra</marc:subfield>
   </marc:datafield>
</marc:record>
